000 00700nam a2200265Ia 4500
005 20260306164427.0
008 008 260114s9999 xx 000 0 eng d
020 _a9780191794223
037 _aEBOOK
040 _aCRL
040 _beng
040 _cCRL
041 _2eng
041 _aeng
084 _qCRL
100 _aUmberto Albarella, Mauro Rizzetto, Hannah Russ, Kim Vickers, Sarah Viner-daniels
_91130712
245 4 _aThe Oxford Handbook Of Zooarchaeology
260 _bOxford University Press
260 _c2017
650 _aArchaeology
856 _uhttps://academic.oup.com/edited-volume/34661
942 _cEBOOK
999 _c1714034
_d1714034